• 首页
  • 本馆介绍
  • 公告通知
  • 最新文献
  • 馆藏检索
  • 电子资源
  • 读者导购
  • 参考咨询
  • 我的图书馆
  • 登录
  • 详细信息显示
  • 放入我的书架
  • 预约/预借图书
  • 作者相关作品
  • 分类相关作品
  • 丛书相关作品
  • 出版社相关作品

书目信息

  • 表格格式
  • 工作单格式
  • 卡片格式
题名:
细说后妃
    
 
作者: 赵剑敏 著
分册:  
出版信息: 北京   中国人民大学出版社  2007
页数: 239页
开本: 23cm
丛书名: 朗朗书房
单 册:
中图分类: K220.9
科图分类:
主题词: 后妃--中国--通俗读物 , 后妃
电子资源:
ISBN: 978-7-300-08191-5
000 00845oam2 2200277 450
001 003638675
005 20080226142200.62
010    @a978-7-300-08191-5@dCNY22.80
035    @a003638675
100    @a20070402d2007 em y0chiy0110 ea
101 0  @achi
102    @aCN@b110000
105    @aa z 000yy
106    @ar
200 1  @a细说后妃@Axi shuo hou fei@f赵剑敏著
210    @a北京@c中国人民大学出版社@d2007
215    @a239页@c图@d23cm
225 2  @a朗朗书房@i历史新阅读
330    @a本书是一部深入探析后妃角色的力度之作,内容包括:君主的情结、从后台到前台、相依为命、形形色色的面首等部分。
462  0 @1001003643999@12001 @a朗朗书房@i历史新阅读
606 0  @a后妃@y中国@j通俗读物
606 0  @a后妃
690    @aK220.9@v4
701  0 @a赵剑敏@Azhao jian min@f(1955~)@4著
801  0 @aCN@bNLC@c20080226
905    @dK220.9@e52@f10
    
    细说后妃/赵剑敏著.-北京:中国人民大学出版社,2007
    239页:图;23cm.-(朗朗书房.历史新阅读)
    
    
    ISBN 978-7-300-08191-5:CNY22.80
    本书是一部深入探析后妃角色的力度之作,内容包括:君主的情结、从后台到前台、相依为命、形形色色的面首等部分。
●
相关链接 在E读中查询图书 在五车中查询图书 在当当中查询图书 在豆瓣中查询图书


正题名:细说后妃     索取号:K220.9/52         预约/预借

序号 登录号 条形码 馆藏地/架位号 状态 备注
1 0614988   206149880   第二样本阅览室/ [索取号:K220.9/52] 在馆    
2 0614989   206149899   第二借阅区/ [索取号:K220.9/52] 在馆    
3 0614990   206149906   第二借阅区/ [索取号:K220.9/52] 在馆    
4 0614991   206149915   第二借阅区/ [索取号:K220.9/52] 在馆    
5 0614992   206149924   第二借阅区/ [索取号:K220.9/52] 在馆    
6 0614993   206149933   第二借阅区/ [索取号:K220.9/52] 在馆    
7 0614994   206149942   第二借阅区/ [索取号:K220.9/52] 在馆    
8 0614995   206149951   第二借阅区/ [索取号:K220.9/52] 在馆    
9 0614996   206149960   第二借阅区/ [索取号:K220.9/52] 在馆    
10 0614997   206149979   第二借阅区/ [索取号:K220.9/52] 在馆    
唐山师范学院图书馆 欢迎您!
大连网信软件有限公司© 版权所有